[Event "Tschaturanga Open 2013"]
[Site "Vienna AUT"]
[Date "2013.05.12"]
[Round "7.1"]
[White "Baumegger,S"]
[Black "Umudova,N"]
[Result "0-1"]
[WhiteElo "2473"]
[BlackElo "2233"]

1.d4 Nf6 2.Nf3 e6 3.c4 Bb4+ 4.Nc3 O-O 5.e3 b6 6.Bd3 Bb7 7.O-O Bxc3 8.bxc3 Ne4
9.Ne1 f5 10.f3 Ng5 11.Qe2 Qf6 12.Nc2 d6 13.d5 c5 14.e4 f4 15.h4 Nf7 16.dxe6 Ne5
17.g3 fxg3 18.Kg2 Qxh4 19.Rh1 Qe7 20.Rf1 Nbc6 21.Ne3 Nxd3 22.Nd5 Qxe6 23.Qxd3 Ne5
24.Qe2 Bc8 25.Bf4 Qh3+ 26.Kg1 Nd3 27.Be3 Nf2 28.Rxf2 gxf2+ 29.Kxf2 Qh4+ 30.Kg2 Bh3+  0-1

[Event "14th Euro Indiv 2013"]
[Site "Legnica POL"]
[Date "2013.05.13"]
[Round "8.113"]
[White "Nedilko,V"]
[Black "Papasimakopoulos,Alexandros"]
[Result "1-0"]
[WhiteElo "2396"]
[BlackElo "2242"]

1.d4 Nf6 2.c4 e6 3.Nc3 Bb4 4.Nf3 c5 5.g3 cxd4 6.Nxd4 O-O 7.Bg2 d5 8.cxd5 Nxd5
9.Bd2 Bxc3 10.bxc3 e5 11.Nb5 Nc6 12.O-O Be6 13.c4 Nb6 14.c5 Nc4 15.Bc3 Qe7
16.Nd6 Rfd8 17.Qa4 Nxd6 18.cxd6 Rxd6 19.Rfd1 Rad8 20.Bxc6 bxc6 21.Rxd6 Qxd6
22.Qxa7 c5 23.Qa4 Qd5 24.f3 f6 25.a3 Ra8 26.Qc2 Qc4 27.a4 h5 28.a5 h4 29.Ra4 Qb5
30.Rxh4 Rd8 31.Kf2 c4 32.Qh7+ Kf8 33.Qh8+ Bg8 34.Rh7 Qc5+ 35.Kg2 Rd7 36.Rh4 Rd1
37.Kh3 Rh1 38.Rh7 Qe7 39.Bb4  1-0

[Event "14th Euro Indiv 2013"]
[Site "Legnica POL"]
[Date "2013.05.14"]
[Round "9.10"]
[White "Wojtaszek,R"]
[Black "Tkachiev,V"]
[Result "1/2-1/2"]
[WhiteElo "2701"]
[BlackElo "2632"]

1.d4 Nf6 2.c4 e6 3.Nc3 Bb4 4.Nf3 O-O 5.Bg5 c5 6.Rc1 cxd4 7.Nxd4 h6 8.Bh4 d5
9.e3 e5 10.Nf3 g5 11.Bg3 d4 12.exd4 exd4 13.Nxd4 Qb6 14.Nb5 Bg4 15.Be2 Bxe2
16.Kxe2 Qe6+ 17.Kf1 Qxc4+ 18.Qe2 Qxe2+ 19.Kxe2 Re8+ 20.Kd3 Nc6 21.Rhe1 Red8+
22.Kc2 a6 23.Na3 b5 24.Kb1 Rac8 25.Red1 Bxc3 26.Rxd8+ Rxd8 27.Rxc3 Nb4 28.Rc1 Ne4
29.Bc7 Rc8 30.f3 Nd2+ 31.Ka1 Nd5 32.Rd1 Rxc7 33.Rxd2 Rc1+ 34.Nb1 Ne3 35.a3 Rg1
36.g3 Rf1 37.Ka2 Nc4 38.Re2 Rxf3 39.Nc3 Ne3 40.Ne4 Nf5 41.Nc5 a5 42.Nb7 Nd4
43.Re8+ Kg7 44.Nxa5 Rf2 45.h4 gxh4 46.gxh4 f5 47.Nb3 Nxb3 48.Kxb3 Kg6 49.Re5 Kh5
50.Rxb5 Kxh4 51.a4 f4 52.a5 Re2 53.a6 Re6 54.a7 Ra6 55.Rb4 Rxa7 56.Rxf4+  1/2-1/2

[Event "27th Metropolitan GM"]
[Site "Los Angeles USA"]
[Date "2013.05.17"]
[Round "6"]
[White "Georgiev,Vl"]
[Black "Amanov,Z"]
[Result "1/2-1/2"]
[WhiteElo "2559"]
[BlackElo "2375"]

1.d4 Nf6 2.c4 e6 3.Nf3 Bb4+ 4.Nc3 b6 5.e3 O-O 6.Bd3 d5 7.O-O Bb7 8.cxd5 exd5
9.Ne5 Nbd7 10.f4 c5 11.Qf3 Bxc3 12.bxc3 Ne4 13.Qh3 Bc8 14.Qf3 Bb7 15.Bb2 f6
16.Nxd7  1/2-1/2

[Event "Asian Continental w 2013"]
[Site "Manila PHI"]
[Date "2013.05.21"]
[Round "4.19"]
[White "Sultana,S"]
[Black "Karenza,Dita"]
[Result "0-1"]
[WhiteElo "2005"]
[BlackElo "1821"]

1.d4 Nf6 2.c4 e6 3.Nc3 Bb4 4.Nf3 b6 5.Bg5 Bb7 6.e3 h6 7.Bh4 Bxc3+ 8.bxc3 d6
9.Nd2 Nbd7 10.Qc2 Qe7 11.f3 O-O-O 12.Bd3 e5 13.O-O-O g5 14.Bf2 Kb8 15.Rde1 Rhe8
16.e4 Nh5 17.g3 Qf6 18.Rhf1 exd4 19.Bxd4 Ne5 20.Be2 c5 21.Bg1 Ng7 22.f4 gxf4
23.gxf4 Ng6 24.Be3 Nh4 25.Rg1 Rg8 26.f5 Rde8 27.Qd3 Ref8 28.Bf4 Ne8 29.Bg3 Kc7
30.Bd1 Bc6 31.Bc2 Kb7 32.Kb2 Bd7 33.e5 Qg5 34.Qe4+ Bc6 35.Qxh4 Qxd2 36.Qe7+ Ka6
37.Rd1 Qe2 38.exd6 Bf3 39.Rde1 Qxc4 40.Qe3 Qb5+ 41.Ka1 Bc6 42.Rb1 Qa5 43.Bd3+ Kb7
44.Bc4 Kc8 45.d7+ Bxd7 46.Qe5 Rxg3 47.Rxg3 Nc7 48.Qg7 Re8 49.Qxf7 b5 50.Bf1 Bc6
51.Qb3 Bd5 52.Qb2 b4 53.c4 Bg8 54.Qd2 Qa6 55.Rg6 Qa4 56.Rb3 Nb5 57.Rc6+ Nc7
58.Rxc5 Rd8 59.Rd3 Re8 60.Qd1 Qa6 61.Rd6 Qa3 62.Rd3 b3 63.Rxc7+ Kxc7 64.Rxb3 Qc5
65.Bg2 Qe5+ 66.Rb2 Qc3 67.Qd2 Re1+ 68.Qxe1 Qxe1+ 69.Rb1 Qc3+ 70.Rb2 Bxc4  0-1

[Event "2nd Oscar Panno GM"]
[Site "Moron ARG"]
[Date "2013.05.21"]
[Round "8"]
[White "Salinas Herrera,P"]
[Black "Perez Ponsa,F"]
[Result "1/2-1/2"]
[WhiteElo "2396"]
[BlackElo "2474"]

1.Nf3 Nf6 2.c4 e6 3.Nc3 Bb4 4.d4 c5 5.e3 O-O 6.Bd3 d5 7.O-O Nc6 8.a3 Ba5
9.b4 cxb4 10.Na2 Re8 11.axb4 Nxb4 12.Nxb4 Bxb4 13.Ne5 dxc4 14.Bxc4 Bd7 15.f4 Bc6
16.Nxc6 bxc6 17.Ra6 c5 18.f5 e5 19.Qb3 Qc7 20.d5 Red8 21.Bb2 Ne4 22.d6 Nxd6
23.Bxe5 Qe7 24.Bxd6 Rxd6 25.Rxd6 Qxd6 26.Bxf7+ Kh8 27.Qe6 Rd8 28.Qxd6 Rxd6
29.Kf2 g6 30.g4 Kg7 31.Bc4 gxf5 32.gxf5 Kf6 33.Be6 Rd2+ 34.Kf3 a5 35.Rf2 Rd8
36.Ke4 a4 37.Rc2 a3 38.Bc4 Bd2 39.Be6 Bb4 40.Bc4 Rd1 41.Be6 Rg1 42.Kf4 h5
43.h3 h4 44.Bc4 Ba5 45.Bd5 Rf1+ 46.Ke4 Bb6 47.Bc4 Rxf5  1/2-1/2

[Event "TCh-POL Ekstraliga 2013"]
[Site "Wroclaw POL"]
[Date "2013.05.24"]
[Round "1"]
[White "Gajewski,G"]
[Black "Bartel,Mat"]
[Result "0-1"]
[WhiteElo "2653"]
[BlackElo "2619"]

1.d4 e6 2.Nf3 Nf6 3.c4 Bb4+ 4.Nc3 b6 5.e3 Bb7 6.Be2 Ne4 7.Qc2 f5 8.O-O O-O
9.Nxe4 Bxe4 10.Qb3 Bd6 11.Ne5 c5 12.Bd2 Nc6 13.Bc3 cxd4 14.exd4 Qg5 15.g3 Bxe5
16.dxe5 f4 17.Qd1 fxg3 18.hxg3 Nxe5 19.Bxe5 Qxe5 20.Qxd7 Rf6 21.Rad1 Rh6
22.f4 Qxb2 23.Rd2 Qc3 24.Kf2 Rh2+ 25.Ke1 Qxg3+ 26.Kd1 Bf5 27.Qd4 Rf8 28.Qe5 Bg4
29.Bxg4 Rxd2+ 30.Kxd2 Rd8+ 31.Kc1 Qa3+ 32.Kb1 Qd3+ 33.Kb2 Qxf1 34.Bxe6+ Kh8
35.Bd5 Rf8 36.Bf7 Qf2+ 37.Kb3 Qc5 38.Bd5 b5  0-1

[Event "e2e4 Sunningdale Open"]
[Site "Ascot ENG"]
[Date "2013.05.27"]
[Round "7"]
[White "Sucikova,Svetlana"]
[Black "Staniforth,Matthew"]
[Result "1/2-1/2"]
[WhiteElo "1901"]
[BlackElo "1940"]

1.c4 Nf6 2.Nc3 e6 3.d4 Bb4 4.Nf3 O-O 5.e3 d5 6.a3 Bxc3+ 7.bxc3 c5 8.Bd3 Nc6
9.O-O b6 10.Rb1 Ba6 11.cxd5 Bxd3 12.Qxd3 Qxd5 13.c4 Qe4 14.Qxe4 Nxe4 15.Bb2 Rfd8
16.Rfd1 Rac8 17.Ne5 Nxe5 18.dxe5 Rd2 19.Rxd2 Nxd2 20.Rc1 Rd8 21.g3 Kf8 22.Kg2 Ke7
23.Rc2 Ne4 24.Bc1 Rd3 25.f3 Nc3 26.Kf2 Na4  1/2-1/2

[Event "La Punta Closed 2013"]
[Site "San Luis ARG"]
[Date "2013.05.28"]
[Round "5.5"]
[White "Roselli Mailhe,B"]
[Black "Hernandez Guerrero,G"]
[Result "0-1"]
[WhiteElo "2435"]
[BlackElo "2523"]

1.d4 Nf6 2.c4 e6 3.Nc3 Bb4 4.Nf3 b6 5.g3 Bb7 6.Bg2 Bxc3+ 7.bxc3 O-O 8.O-O Be4
9.Nh4 Bxg2 10.Nxg2 Nc6 11.Qd3 d5 12.Bg5 dxc4 13.Qxc4 Qd5 14.Qxd5 Nxd5 15.Rac1 h6
16.Bd2 Rfd8 17.e4 Nde7 18.Rfd1 Rd7 19.Kf1 Rad8 20.Ke2 Na5 21.Ne3 f6 22.f3 Kf7
23.Be1 Nc8 24.g4 c5 25.dxc5 bxc5 26.Rb1 Nb6 27.Rb5 Nb7 28.a4 Rxd1 29.Nxd1 Rc8
30.Bf2 Rc7 31.Nb2 Ke7 32.a5 Nd7 33.Bg3 e5 34.Nc4 Nd6 35.Nxd6 Kxd6 36.Kd3 a6
37.Rb1 c4+ 38.Kc2 Rc5 39.Ra1 Rb5 40.Ra4 Nc5 41.Rxc4 Rxa5 42.Kb1 Ra4 43.Rxa4 Nxa4
44.Kc2 Nc5 45.Bf2 Kc6 46.Be3 Kb5 47.Bc1 g5 48.Ba3 a5 49.h3 Kc4 50.Kb1 a4
51.Kc2 Nd3 52.Be7 Ne1+ 53.Kb2 Nxf3 54.Bxf6 a3+ 55.Kxa3 Kxc3 56.Bg7 Kd3 57.Kb2 Kxe4
58.Kc2 Kf4 59.Bxh6 e4 60.h4 Nxh4 61.Kd2 Nf3+ 62.Ke2 Nd4+ 63.Kf2 e3+ 64.Kg2 Nc2
65.Bxg5+ Kxg5 66.Kf3 Kh4 67.Ke2 Kxg4 68.Kd3 Kg3  0-1

[Event "French Top 12 2013"]
[Site "Haguenau FRA"]
[Date "2013.06.02"]
[Round "4.2"]
[White "Song,Ju"]
[Black "Edouard,R"]
[Result "0-1"]
[WhiteElo "2417"]
[BlackElo "2659"]

1.d4 e6 2.c4 Nf6 3.Nc3 Bb4 4.Nf3 d6 5.g3 Nbd7 6.Bg2 e5 7.dxe5 Bxc3+ 8.bxc3 dxe5
9.Ba3 c5 10.Nd2 O-O 11.Nf1 e4 12.Ne3 Qa5 13.Qb3 Qc7 14.O-O b6 15.Nd5 Qe5
16.Bc1 Qh5 17.Nc7 Rb8 18.Bf4 Ne5 19.Nd5 Nxd5 20.cxd5 Ba6 21.c4 e3 22.fxe3 Rbe8
23.Bf3 Qg6 24.Rac1 Bc8 25.Qc3 f6 26.e4 Bh3 27.Rfd1 h5 28.Qe1 f5 29.Bxe5 fxe4
30.Bg2 Bxg2 31.Kxg2 e3 32.Kg1 Rf2 33.Bc7 Qg4 34.d6 Qh3 35.Qxf2 exf2+ 36.Kxf2 Qxg3+
37.hxg3  0-1

[Event "6th Mayors Cup 2013"]
[Site "Mumbai IND"]
[Date "2013.06.02"]
[Round "7"]
[White "Babujian,L"]
[Black "Zubarev,Al1"]
[Result "1/2-1/2"]
[WhiteElo "2488"]
[BlackElo "2559"]

1.d4 Nf6 2.c4 e6 3.Nc3 Bb4 4.Nf3 b6 5.Bg5 h6 6.Bh4 g5 7.Bg3 Ne4 8.Qc2 Bb7
9.e3 Bxc3+ 10.bxc3 d6 11.Bd3 f5 12.d5 Qf6 13.Nd4 Nc5 14.f4 gxf4 15.exf4 Nba6
16.Be2 O-O 17.O-O-O exd5 18.Rhg1 dxc4 19.Bxc4+ d5 20.Be2 Ne4 21.Be1 c5 22.Nf3 Nc7
23.g4 fxg4 24.Rxg4+ Kh8 25.Ne5 Rg8 26.Rh4 Rg7 27.c4 Nd6 28.Bd3 Rag8 29.Qe2 Nf5
30.Rh5 Bc8 31.Bxf5 Bxf5 32.Bh4 Qe6 33.cxd5 Nxd5 34.Rxd5 Qxd5 35.Rxh6+ Rh7
36.Bf6+ Rg7 37.Rxh7+ Kxh7 38.Qh5+ Kg8  1/2-1/2

[Event "35th Nezhmetdinov Cup"]
[Site "Kazan RUS"]
[Date "2013.06.03"]
[Round "4.26"]
[White "Bulatov,R"]
[Black "Tunik,G"]
[Result "1/2-1/2"]
[WhiteElo "2221"]
[BlackElo "2430"]

1.d4 Nf6 2.c4 e6 3.Nc3 Bb4 4.Nf3 b6 5.Bg5 h6 6.Bh4 g5 7.Bg3 Ne4 8.Qc2 Bb7
9.e3 Bxc3+ 10.bxc3 d6 11.Bd3 f5 12.d5 Na6 13.Nd4 Nac5 14.O-O Qf6 15.f3 Nxg3
16.hxg3 exd5 17.cxd5 Bxd5 18.e4 Bb7 19.Bb5+ Kf8 20.Nxf5 a6 21.Bd3 Re8 22.Rae1 Bc8
23.f4 Bxf5 24.fxg5 hxg5 25.e5 Qh6 26.Rxf5+ Kg7 27.Qd2 Qh2+ 28.Kf1 Rhf8 29.Qxg5+ Kh8
30.Rf6 Nxd3 31.Re4 Qh1+ 32.Ke2 Nc1+ 33.Kd2 Qxg2+ 34.Kxc1 Qxe4 35.Qh6+ Kg8
36.Rg6+ Qxg6 37.Qxg6+ Kh8 38.e6 Re7 39.Qh6+ Kg8 40.Qg5+ Rg7 41.Qd5 Re7 42.Qg5+ Rg7
43.Qd5  1/2-1/2

[Event "French Top 12 2013"]
[Site "Haguenau FRA"]
[Date "2013.06.04"]
[Round "6.8"]
[White "Malassagne,Isabelle"]
[Black "Leconte,M"]
[Result "1/2-1/2"]
[WhiteElo "1985"]
[BlackElo "2225"]

1.d4 Nf6 2.c4 e6 3.Nc3 Bb4 4.Nf3 c5 5.g3 Nc6 6.Bg2 Ne4 7.Qd3 cxd4 8.Nxd4 Nc5
9.Qd1 O-O 10.Nxc6 dxc6 11.O-O Bxc3 12.bxc3 Qa5 13.Be3 Rd8 14.Qc2 e5 15.Rab1 Qa4
16.Be4 Qxc2 17.Bxc2 Ne6 18.a4 g6 19.Rfd1 Rxd1+ 20.Bxd1 Kf8  1/2-1/2

[Event "6th Mayors Cup 2013"]
[Site "Mumbai IND"]
[Date "2013.06.05"]
[Round "10"]
[White "Swayams,M"]
[Black "Timoshenko,G"]
[Result "1-0"]
[WhiteElo "2406"]
[BlackElo "2522"]

1.d4 Nf6 2.c4 e6 3.Nc3 Bb4 4.Nf3 O-O 5.Bg5 c5 6.e3 Qa5 7.Bxf6 Bxc3+ 8.bxc3 Qxc3+
9.Nd2 gxf6 10.Rc1 Qa5 11.Qg4+ Kh8 12.Qh4 cxd4 13.Qxf6+ Kg8 14.exd4 Nc6 15.d5 Qd8
16.Qh6 exd5 17.Rc3 Qe7+ 18.Kd1 f5 19.Rg3+ Kh8 20.Bd3 Rf6 21.Qg5 Rf8 22.Qh6 Rf6
23.Qg5 Rf8 24.cxd5 Qxg5 25.Rxg5 Nb4 26.Bxf5 d6 27.Bb1 Rxf2 28.Re1 Bd7 29.Re7 Ba4+
30.Ke1  1-0

[Event "French Top 12 2013"]
[Site "Haguenau FRA"]
[Date "2013.06.06"]
[Round "8.1"]
[White "Gajewski,G"]
[Black "Llanes Hurtado,M"]
[Result "1-0"]
[WhiteElo "2653"]
[BlackElo "2469"]

1.d4 Nf6 2.c4 e6 3.Nc3 Bb4 4.Nf3 d5 5.cxd5 exd5 6.Bg5 Nbd7 7.Qc2 c5 8.g3 cxd4
9.Nxd4 Qb6 10.Rd1 Ne4 11.Be3 Qg6 12.Rc1 Nb6 13.Bg2 Bxc3+ 14.bxc3 Nc4 15.Bf4 O-O
16.O-O Bd7 17.f3 Nc5 18.e4 Ne6 19.Nf5 Qf6 20.Be3 Nxe3 21.Nxe3 dxe4 22.fxe4 Qg5
23.Nf5 Nc5 24.Rcd1 Bxf5 25.exf5 Rad8 26.Qf2 Nd3 27.Qxa7 Ra8 28.Qd4 Rfd8 29.Qe4 Nc5
30.Qe5 Nd3 31.Qe2 Nc5 32.Bd5 Re8 33.Bxf7+ Kxf7 34.Qc4+ Kf8 35.Qxc5+ Qe7 36.Qxe7+ Rxe7
37.f6 gxf6 38.Rxf6+ Kg7 39.Rf2 Ra3 40.c4 Ra4 41.Rd4 Rf7 42.Rxf7+ Kxf7 43.Rd7+ Kg6
44.Rxb7 Rxa2 45.Re7 Rc2 46.Re4 h6 47.Rf4 Kg5 48.h4+ Kh5 49.Kf1 Kg6 50.Ke1 Rg2
51.g4 Rh2 52.h5+ Kg5 53.Rd4 Rg2 54.Kd1 Rxg4 55.Rxg4+ Kxg4 56.Kc2 Kf5 57.Kb3  1-0

[Event "6th Mayors Cup 2013"]
[Site "Mumbai IND"]
[Date "2013.06.06"]
[Round "11"]
[White "Babujian,L"]
[Black "Sangma,R"]
[Result "1-0"]
[WhiteElo "2488"]
[BlackElo "2382"]

1.d4 Nf6 2.c4 e6 3.Nc3 Bb4 4.Nf3 c5 5.g3 cxd4 6.Nxd4 Ne4 7.Qd3 Nxc3 8.bxc3 Be7
9.Bg2 O-O 10.O-O d6 11.Rd1 a6 12.Nb3 Qc7 13.Bf4 e5 14.Bc1 Be6 15.Ba3 Rd8
16.Bd5 Bc8 17.Qf3 Rf8 18.Nd2 Nd7 19.Ne4 Nc5 20.Bxc5 dxc5 21.h4 h6 22.Qh5 Bd7
23.Rd3 Rad8 24.Rad1 Be8 25.Qf5 Kh8 26.Nf6 g6 27.Nxe8 Rdxe8 28.Qf3 f5 29.e4 Rd8
30.h5 f4 31.hxg6 fxg3 32.Qxg3 Kg7 33.Bf7 Rxd3 34.Rxd3 Bg5 35.Rd5 Bf4 36.Qd3 Qe7
37.Rd7 Qh4 38.Be6+ Kf6 39.g7 Re8 40.g8=Q Rxg8+ 41.Bxg8 Qg5+ 42.Kf1 Qxg8 43.Qd5 Qe8
44.Qd6+ Kg5 45.Rg7+ Kh4 46.Qd7 Qxd7 47.Rxd7 Kh3 48.Rxb7 h5 49.Ra7 h4 50.Rxa6 Kg4
51.Ra8 h3 52.Rh8 Bd2 53.Rg8+  1-0

[Event "French Top 12 2013"]
[Site "Haguenau FRA"]
[Date "2013.06.09"]
[Round "11.1"]
[White "Bacrot,E"]
[Black "Inkiov,V"]
[Result "1-0"]
[WhiteElo "2725"]
[BlackElo "2465"]

1.d4 Nf6 2.c4 e6 3.Nc3 Bb4 4.Nf3 O-O 5.Bg5 c5 6.Rc1 h6 7.Bh4 g5 8.Bg3 Ne4
9.e3 cxd4 10.Nxd4 Nc6 11.Bd3 Bxc3+ 12.bxc3 Nxg3 13.hxg3 Kg7 14.Qh5 Rh8 15.f4 d5
16.O-O dxc4 17.Nxc6 bxc6 18.fxg5 Qe7 19.Rf6 Bd7 20.Rcf1  1-0

[Event "Portuguese Masters"]
[Site "Sintra POR"]
[Date "2013.06.10"]
[Round "3.4"]
[White "Damaso,R"]
[Black "Fernandes,Al"]
[Result "1-0"]
[WhiteElo "2374"]
[BlackElo "2139"]

1.d4 Nf6 2.c4 e6 3.Nc3 Bb4 4.Nf3 b6 5.Qb3 Qe7 6.Bg5 Bb7 7.e3 h6 8.Bh4 g5
9.Bg3 Bxc3+ 10.bxc3 d6 11.c5 dxc5 12.Bb5+ c6 13.Be2 Nbd7 14.a4 cxd4 15.cxd4 Nd5
16.O-O a5 17.Rfe1 O-O 18.e4 Nb4 19.h4 Kg7 20.hxg5 hxg5 21.Nd2 Ba6 22.Bxa6 Rxa6
23.Nc4 Qf6 24.Ne5 Qe7 25.Nc4 Qf6 26.Ne5 Qe7 27.Ng4 f6 28.Rad1 Ra7 29.f4 gxf4
30.Bxf4 Rh8 31.Qg3 Kf7 32.Nh6+ Ke8 33.Qg6+  1-0

[Event "Alushta Summer-2013-2"]
[Site "Alushta UKR"]
[Date "2013.06.11"]
[Round "10"]
[White "Belikov,V"]
[Black "Iljin,T"]
[Result "1-0"]
[WhiteElo "2477"]
[BlackElo "2410"]

1.d4 Nf6 2.c4 e6 3.Nc3 Bb4 4.Nf3 b6 5.g3 Ba6 6.Qb3 c5 7.Bg2 Nc6 8.dxc5 bxc5
9.O-O O-O 10.Rd1 Na5 11.Qa4 Bxc3 12.bxc3 Bxc4 13.Ne5 d5 14.Bg5 Bxe2 15.Re1 Bc4
16.Ng4 h5 17.Nxf6+ gxf6 18.Bh4 Kg7 19.Qd1 Rh8 20.Re5 Nc6 21.Rxh5 Rxh5 22.Qxh5 Ne5
23.Re1 Ng6 24.a3 Rb8 25.h3 Rb3 26.Re3 Nxh4 27.gxh4 Rxa3 28.Rg3+ Kf8 29.Qh8+ Ke7
30.Qxd8+ Kxd8 31.h5 Ra1+ 32.Kh2 Bb3 33.Be4 dxe4 34.h6  1-0

[Event "2nd Grand Europe Open 2013"]
[Site "Golden Sands BUL"]
[Date "2013.06.12"]
[Round "3.6"]
[White "Chatalbashev,B"]
[Black "Berescu,A"]
[Result "1/2-1/2"]
[WhiteElo "2560"]
[BlackElo "2461"]

1.d4 Nf6 2.c4 e6 3.Nc3 Bb4 4.Nf3 b6 5.e3 Bb7 6.Bd3 O-O 7.O-O c5 8.Na4 cxd4
9.exd4 Re8 10.a3 Bf8 11.Bg5 h6 12.Bh4 Be7 13.Re1 Nh5 14.Bxe7 Rxe7 15.Nc3 Nf6
16.d5 exd5 17.Rxe7 Qxe7 18.cxd5 Nxd5 19.Nxd5 Bxd5 20.Bh7+ Kxh7 21.Qxd5 Nc6
22.Re1 Qf6 23.Qxd7 Rd8 24.Qb7 g6 25.b4 Kg7 26.h3 Rd3 27.b5 Nd4 28.Nxd4 Qxd4
29.Qxa7 Rd2 30.Rf1 Qc5 31.Qa4 Ra2 32.Qf4 Rxa3 33.Rd1 g5 34.Qe4 Rc3 35.Rd5 Rc1+
36.Kh2 Qxf2 37.Qe5+ Kh7 38.Qe4+ Kg7 39.Qe5+ Kh7  1/2-1/2

[Event "27th Pula Open 2013"]
[Site "Pula CRO"]
[Date "2013.06.12"]
[Round "6.12"]
[White "Pezelj,S"]
[Black "Jovanic,O"]
[Result "1-0"]
[WhiteElo "2172"]
[BlackElo "2532"]

1.d4 Nf6 2.c4 e6 3.Nc3 Bb4 4.Nf3 c5 5.e3 Nc6 6.Bd2 cxd4 7.Nxd4 O-O 8.Bd3 Ne5
9.Be2 d5 10.cxd5 exd5 11.Qb3 Ba5 12.O-O a6 13.Rad1 Bc7 14.f4 Nc6 15.Bf3 Na5
16.Qc2 Re8 17.Nxd5 Nxd5 18.Bxd5 Qxd5 19.Qxc7 Nc4 20.Bc1 Bg4 21.Nf3 Qb5 22.Nd4 Qd5
23.Nf3 Qb5 24.Nd4 Qh5 25.Rde1 Qd5 26.b3 Nd6 27.Ba3 Nb5 28.Qc5 Qe4 29.Nxb5 axb5
30.Rf2 Bd7 31.Qb4 Bc6 32.Qxe4 Bxe4 33.Bc5 Rec8 34.b4 Rd8 35.h3 f6 36.g4 Kf7
37.Kh2 Rd3 38.Bd4 Bd5 39.Rc1 Bc4 40.f5 Ra4 41.Bc5 Bxa2 42.Rb2 Bc4 43.Kg3 Bb3
44.Rcb1 Bc4 45.h4 h6 46.Kf4 Ra8 47.Bd4 Rda3 48.g5 hxg5+ 49.hxg5 fxg5+ 50.Kxg5 Rh8
51.Rg1 Ra6 52.Kf4 Rh4+ 53.Ke5 g6 54.fxg6+ Kg8 55.Rf2 Re6+ 56.Kf5 Re7 57.Bf6 Bd3+
58.Kg5 Ree4 59.Ra2  1-0

[Event "27th Pula Open 2013"]
[Site "Pula CRO"]
[Date "2013.06.14"]
[Round "8.1"]
[White "Drazic,S"]
[Black "Urkedal,F"]
[Result "1-0"]
[WhiteElo "2463"]
[BlackElo "2470"]

1.d4 Nf6 2.c4 e6 3.Nc3 Bb4 4.Nf3 b6 5.g3 Bb7 6.Bg2 Bxc3+ 7.bxc3 Be4 8.O-O O-O
9.Bg5 h6 10.Bxf6 Qxf6 11.Nd2 Bxg2 12.Kxg2 e5 13.e3 Re8 14.Qf3 Qxf3+ 15.Kxf3 Nc6
16.g4 Na5 17.Ke2 c5 18.dxc5 Rec8 19.cxb6 axb6 20.Kd3 Rc6 21.Rfb1 Kf8 22.Rb5 Rac8
23.Rxe5 Nxc4 24.Rd5 Ke7 25.Ne4 Ke6 26.Rb5 Ne5+ 27.Ke2 Nxg4 28.h3 Nf6 29.Nxf6 Kxf6
30.a4 Ke7 31.Rd1 Rc4 32.Rb4 R8c6 33.Rd3 Kd8 34.Kd2 Kc7 35.h4 R6c5 36.f3 Kc6
37.e4 Rxb4 38.cxb4 Rh5 39.b5+ Kc7 40.Rc3+ Kd8 41.Ke3 Rxh4 42.a5 Rh5 43.a6 Rxb5
44.Ra3  1-0

[Event "2nd Grand Europe Open 2013"]
[Site "Golden Sands BUL"]
[Date "2013.06.16"]
[Round "7.34"]
[White "Chatalbashev,B"]
[Black "Das,Say"]
[Result "1-0"]
[WhiteElo "2560"]
[BlackElo "2332"]

1.d4 Nf6 2.c4 e6 3.Nc3 Bb4 4.Nf3 d5 5.cxd5 exd5 6.Qa4+ Nc6 7.Bg5 h6 8.Bxf6 Qxf6
9.e3 O-O 10.Be2 Be6 11.a3 Bd6 12.Nb5 Bg4 13.Rc1 Ne7 14.Nxd6 Qxd6 15.Qb4 Qxb4+
16.axb4 c6 17.b5 Rfc8 18.Kd2 f6 19.h3 Be6 20.bxc6 Rxc6 21.Rxc6 Nxc6 22.Bb5 Rc8
23.Ra1 a6 24.Bd3 Kf7 25.Ne1 Ke7 26.Bg6 Kd6 27.Nd3 Ne7 28.Bh5 Rc7 29.Nc5 Bc8
30.Be2 Nc6 31.h4 Nd8 32.h5 Bf5 33.g4 Bh7 34.Ra3 Ne6 35.b4 Ng5 36.f3 Ke7 37.Bd1 Kd6
38.Ra5 Kc6 39.Na4 Bg8 40.Nc3 Re7 41.Rc5+ Kd6 42.b5 Rc7 43.bxa6 bxa6 44.Ra5 Rc6
45.Be2 Bf7 46.Ra3 f5 47.f4 Nh7 48.gxf5 Nf6 49.Ra5 Rb6 50.Bf3 Rb2+ 51.Kd3 Rb6
52.Kc2 Rc6 53.Kd2 Rb6 54.Na4 Rc6 55.Nc5 Bxh5 56.Bxh5 Nxh5 57.Nxa6 Rb6 58.Kc3 Rc6+
59.Kd3 Rb6 60.Nc5 Ng3 61.Ra7 Nxf5 62.e4 dxe4+ 63.Nxe4+ Kc6 64.d5+ Kb5 65.Nc3+ Kb4
66.Ra1 Rg6 67.Rb1+ Ka5  1-0

[Event "12th TCh-BIH Prem"]
[Site "Sarajevo BIH"]
[Date "2013.06.18"]
[Round "4.5"]
[White "Jankovic,A"]
[Black "Palac,M"]
[Result "0-1"]
[WhiteElo "2559"]
[BlackElo "2560"]

1.d4 e6 2.c4 Nf6 3.Nc3 Bb4 4.Nf3 b6 5.Qc2 Bb7 6.a3 Bxc3+ 7.Qxc3 Ne4 8.Qc2 f5
9.g3 Nf6 10.Bh3 Nc6 11.O-O Ne7 12.b4 O-O 13.Ne5 Qe8 14.f3 a6 15.Bg2 d6 16.Nd3 Qd7
17.Bb2 Ng6 18.Rfe1 Rae8 19.e4 fxe4 20.fxe4 e5 21.d5 c6 22.Nf2 b5 23.Rac1 Ne7
24.dxc6 Nxc6 25.cxb5 axb5 26.Qd3 Na7 27.Rc2 Qe7 28.Rec1 Rc8 29.Bh3 Rxc2 30.Rxc2 Rd8
31.Bc1 d5 32.exd5 Bxd5 33.Bb2 Bc4 34.Qe3 Nd5 35.Qe4 Nc6 36.Rc1 h6 37.Re1 Rf8
38.Bc1 Qa7 39.Be3 Nxe3 40.Qxe3 Nd4 41.Bg2 Qf7 42.Be4 Bd5 43.Bxd5 Qxd5 44.Rd1 Rf3
45.Qe4 Qxe4 46.Nxe4 Rxa3 47.Nc5 Ra2 48.Rd3 Kf7 49.Re3 Nc6 50.Rd3 Nxb4 51.Rb3 Nc6
52.Rxb5 Nd4 53.Rb7+ Kg6 54.h3 Ne2+ 55.Kf2 Nf4+ 56.Kf3 Ra3+ 57.Ke4 Rxg3 58.Kxe5 Nd3+
59.Nxd3 Rxd3 60.h4 Rh3 61.Rb4 Kh5 62.Rb7 g6 63.Kf6 Rxh4 64.Kg7 Ra4  0-1

[Event "8th Teplice Open 2013"]
[Site "Teplice CZE"]
[Date "2013.06.20"]
[Round "6.25"]
[White "Friml,A"]
[Black "Lechtynsky,J"]
[Result "0-1"]
[WhiteElo "2124"]
[BlackElo "2361"]

1.d4 Nf6 2.c4 e6 3.Nc3 Bb4 4.Nf3 b6 5.g3 Bb7 6.Bg2 O-O 7.O-O Bxc3 8.bxc3 d6
9.Qb3 Nc6 10.Nd2 Na5 11.Qc2 Bxg2 12.Kxg2 c5 13.Qd3 cxd4 14.cxd4 d5 15.cxd5 exd5
16.Bb2 Re8 17.f3 Qe7 18.Rfe1 Rac8 19.Rac1 Rxc1 20.Bxc1 h6 21.e4 dxe4 22.fxe4 Nc6
23.Ba3 Qe6 24.Nf3 Qxa2+ 25.Kf1 Na5 26.d5 Qc4 27.Qxc4 Nxc4 28.Bc1 Rxe4 29.Rd1 Kf8
30.Nh4 Re5 31.Bf4 Rxd5 32.Rc1 b5  0-1

[Event "FISCA Open D 2013"]
[Site "Cap Aurora ROU"]
[Date "2013.06.25"]
[Round "5.2"]
[White "Manolache,M"]
[Black "Gilea,L"]
[Result "1/2-1/2"]
[WhiteElo "2504"]
[BlackElo "2292"]

1.d4 Nf6 2.Nf3 e6 3.c4 Bb4+ 4.Nc3 c5 5.e3 Ne4 6.Qc2 Qa5 7.Qxe4 Bxc3+ 8.Nd2 Bb4
9.a3 cxd4 10.exd4 Be7 11.Bd3 d5 12.Qg4 Bf6 13.O-O Nc6 14.cxd5 Qxd5 15.Ne4 Bxd4
16.Qg3 O-O 17.Bf4 f5 18.Nc3 Bxc3 19.bxc3 Rf6 20.Rad1 Rg6 21.Qh3 e5 22.Bb1 Qa5
23.Bc1 e4 24.Ba2+ Be6 25.Bxe6+ Rxe6 26.c4 Rd8 27.Rxd8+ Nxd8 28.Be3 Rd6 29.c5 Rd5
30.f3 Qa4 31.fxe4 Qxe4 32.Bf2 Rd2 33.Re1 Re2 34.Rxe2 Qxe2 35.Qb3+ Ne6 36.Qd5 a6
37.h3 Qe4 38.Qd2 h6 39.Be3 f4 40.Bf2 f3 41.Qe3 Qxe3 42.Bxe3 fxg2 43.Kxg2 Kf7
44.Kf3 Nc7 45.h4 Ke6 46.Bd4 Ne8 47.Kf4 Nf6 48.Bg1 Nd5+ 49.Ke4 g5 50.hxg5 hxg5
51.Kd4 Ne7 52.Ke4 Ng8 53.Kd4 Nh6 54.c6 bxc6 55.Kc5 Kd7 56.Kb6 Nf5 57.Kxa6 Nd6
58.Ka5 g4 59.a4 g3 60.Kb4 Ne4 61.a5 Kc7 62.a6 Nf6 63.Kc5 Nd7+ 64.Kd4 Kb6
65.Ke4+ Kxa6 66.Kf3 Kb5 67.Kxg3 Kc4 68.Kf4 Kd5 69.Ba7 Nc5 70.Ke3 Kc4 71.Kf4 Kd4
72.Kf3 Kd5 73.Ke3 Ne4 74.Kd3 Nd6 75.Bg1  1/2-1/2

[Event "9th Prague Festival Open A"]
[Site "Prague CZE"]
[Date "2013.06.25"]
[Round "4.8"]
[White "Juptner,J"]
[Black "Plasil,Petr"]
[Result "1-0"]
[WhiteElo "2328"]
[BlackElo "2016"]

1.d4 Nf6 2.c4 e6 3.Nc3 Bb4 4.Nf3 b6 5.Bg5 h6 6.Bh4 Bb7 7.e3 g5 8.Bg3 Ne4
9.Qc2 d6 10.Bd3 Bxc3+ 11.bxc3 Nxg3 12.fxg3 g4 13.Nh4 Qg5 14.O-O Nd7 15.Rf4 Rf8
16.Be4 c6 17.Qa4 b5 18.Qa5 Nb6 19.cxb5 Kd7 20.Bxc6+ Bxc6 21.bxc6+ Kxc6 22.Qa6 Kc7
23.c4 e5 24.Rf2 Qxe3 25.Rd1 f5 26.c5 dxc5 27.dxe5 f4 28.Rd3 Qe4 29.Re2 Qb4
30.Rd1 fxg3 31.hxg3 c4 32.Ng6 Qc5+ 33.Kh2 Rf5 34.Nf4 Rxe5 35.Rd5 Nxd5 36.Rxe5  1-0

[Event "TCh-MNE Prem 2013"]
[Site "Cetinje MNE"]
[Date "2013.06.27"]
[Round "4.5"]
[White "Lekic,Du"]
[Black "Savic,Miom"]
[Result "1-0"]
[WhiteElo "2430"]
[BlackElo "2201"]

1.d4 Nf6 2.c4 e6 3.Nc3 Bb4 4.Nf3 b6 5.e3 Bb7 6.Bd3 O-O 7.O-O Bxc3 8.bxc3 d6
9.Re1 Ne4 10.Nd2 f5 11.f3 Nxd2 12.Qxd2 Nd7 13.Qf2 e5 14.f4 e4 15.Be2 Nf6
16.h3 Bc8 17.Kh2 Kh8 18.Rg1 Qe7 19.Bd2 Be6 20.Be1 Ng8 21.Qh4 Rf6 22.Qg5 Raf8
23.Bh4 Qe8 24.Qg3 R6f7 25.Qf2 Qa4 26.Qf1 Qc2 27.Qe1 g6 28.Rf1 h6 29.a4 Qb3
30.Qc1  1-0

[Event "63rd ch-RUS HL w"]
[Site "Yekaterinburg RUS"]
[Date "2013.06.27"]
[Round "7.5"]
[White "Tarasova,Viktoriy"]
[Black "Drozdova,D"]
[Result "1/2-1/2"]
[WhiteElo "2292"]
[BlackElo "2315"]

1.d4 Nf6 2.c4 e6 3.Nc3 Bb4 4.Nf3 b6 5.e3 c5 6.Bd3 Bb7 7.O-O O-O 8.Na4 cxd4
9.a3 Be7 10.exd4 d6 11.Bf4 Nbd7 12.Nc3 a6 13.b4 Re8 14.Re1 Bf8 15.h3 Rc8
16.Rc1 g6 17.Bh2 Nh5 18.Be4 Bxe4 19.Nxe4 Ndf6 20.Ned2 Bh6 21.Qb3 Nf4 22.Rcd1 Qc7
23.Bg3 Qb7 24.Kh1 Rcd8 25.Qc2 N6h5 26.Kh2 Nxg3 27.fxg3 Nh5 28.g4 Bf4+ 29.Kg1 Ng3
30.Ne4 Nxe4 31.Rxe4 Bg3 32.Re2 d5 33.c5 bxc5 34.bxc5 Rb8 35.Rf1 Bf4 36.Ne1 Bg5
37.Nf3 Bf4 38.Ne1 Bh6 39.Nf3 Bf4 40.Ne1 Bg5 41.Nf3 Bf4 42.Ne1 Qc7 43.Nd3 Bg5
44.Ne5 f6 45.Nf3 Bf4 46.Qd3 a5 47.Ne1 a4 48.Qa6 Ra8 49.Qd3 e5 50.Qf3 Rad8
51.Nd3 g5 52.Nxf4 gxf4 53.g3 Qc6 54.gxf4 exd4 55.Rfe1 Rxe2 56.Qxe2 Qxc5 57.Qe6+ Kg7
58.Qe7+ Qxe7 59.Rxe7+ Kg6 60.Ra7 Re8 61.Rxa4 Re4 62.Ra5  1/2-1/2